000 00439nam a2200169Ia 4500
008 230711s9999||||xx |||||||||||||| ||und||
020 _a978-0-19-807380-2
041 _aENG
082 _a621
_bLA-M
100 _aLathi,BP
245 0 _aModern digital and analog communication system
250 _a4th Ed.
260 _c2015
_aNew Delhi
_bOxford University Press
650 _aElectronics Engineering
700 _aDing,Zhi
942 _cBK
999 _c3797
_d3797